000 00886nam1a22002651i 4500
001 rc\3993176
005 20240725231220.0
035 _a(NLR Aleph) 008068874
090 _a9050304
_c9050304
100 _a20130415d1956 |||y0rusy50 ca
101 1 _arus
_ckir
102 _aRU
105 _a z |||a|
200 1 _aСреди гор
_eРоман
_fПер. с кирг. К. Кулиева
_g[Ил.: Л.А. Ильина]. Кн. 1-
210 _aФрунзе
_cКиргизгосиздат
_d1956
215 _d21
606 _aКлассовая борьба в деревне (х. л.)
_2psbo
607 _aКиргизия (х. л.)
_2psbo
700 1 _aСыдыкбеков
_bТ.
_f1912-
_gТугельбай
702 1 _aКулиев
_bК.
_4730
702 1 _aИльина
_bЛ.А.
_4440
801 0 _aRU
_bNLR
_gpsbo
801 1 _aRU
_bELAR
_2rusmarc
852 _aNLR
_j57-3/776
942 _cBOOK